Statistics for Brawl Stars Quiz 2024 - Expert Edition

Click here to take the quiz!

General Stats

  • This quiz has been taken 122 times
  • The average score is 6 of 15

Answer Stats

QuestionAnswer% Correct
What was the last brawler to come with the old Brawl Pass?Charlie
72%
What is Penny classified as?Artillery
67%
What rarities are the brawlers of the ones talked about in the Apr 20 brawl talk?Legendary and Mythic
67%
Which of these skins is not a mythic skin?Robo Mike
62%
Who was the famous voice actor who voiced Colt?Billy Kametz
47%
When did Brawl Stars go global?December 12, 2018
47%
What was the highest rank before rank 35?Rank 20
44%
What was Sakura's Spike original name in Beta?Pinky Spike
41%
Which of the following isn't a mastery title?The Speedy
40%
Barley and Piper are a part of the same trio, Which brawl is also a part?Byron
38%
What's Pam Super calledMama's Hug
38%
Which was the first brawler to be designed?Ruffs
33%
El Primo's attack is called Fists of Fury but what was it's name in Beta?Slap Sandwich
24%
What was the maximum amount of trophies allowed during Beta?8,000
12%
What is Mr.P's real name?Master Peng
10%

Score Distribution

Percentile by Number Answered

Percent of People with Each Score

Your Score History

You have not taken this quiz